000 00456nam a2200169Ia 4500
008 210210b1998 xxu||||| |||| 00| 0 eng d
020 _a81 7383 025 8
082 _a346.07 VARF
100 _aVARSHNEY (G K).
245 _aFundamentals of mercantile law for C A foundation course. Ed.2
250 _a
260 _aND
_bFranksons
_c1998
300 _aviii,334
650 _aC A foundation mercantile law
690 _aMercantile Law
906 _a053983
999 _c102226
_d102226